000 01850nam0a2200373 4500
001 RU\NLR\BIBL_A\011549085
005 20171219111821.0
010 _a978-5-17-104753-5
_93000
021 _aRU
_bКН-П-21-025782
_9КН-П-21-1989
035 _a(NLR Aleph) 011549085
035 _a(RuMoRGB)009460035
090 _a12235179
_c12235179
100 _a20171207d2017 c y0rusy50 ca
101 0 _arus
102 _aRU
105 _aa z 000ay
200 1 _aДетство Никиты
_eс вопросами и ответами для почемучек
_e[повесть
_eдля младшего и среднего школьного возраста]
_fА. Толстой
_g[комментарии биолога Евгении Вязниковой
_gхудожники Гордеева Е. А. и др.]
210 _aМосква
_cАванта
_cАСТ
_d2017
_d(макет 2018)
215 _a186, [5] с.
_cил.
_d22
225 1 _aЛучшие рассказы о живой природе с вопросами и ответами для почемучек
225 1 _aСерия "Лучшие рассказы о живой природе с вопросами и ответами для почемучек"
225 1 _aГосударственный биологический музей им. К.А. Тимирязева рекомендует
333 _a0+
686 _aШ9(2)6=Р72-471
_2rubbk
686 0 _aШ9(2)60=Р7-4
686 0 _aШ9(2)62=Р7-4
700 1 _aТолстой
_bА. Н.
_f1883-1945
_gАлексей Николаевич
_3RU\NLR\AUTH\771113
702 1 _aГордеева
_bЕ. А.
_gЕкатерина Александровна
_4440
942 _cBOOK
980 _aNB